Poesías / (Record no. 49020)

MARC details
000 -LEADER
campo de control de longitud fija 00680nam a2200205 i 4500
001 - NÚMERO DE CONTROL
campo de control 49020
003 - IDENTIFICADOR DE NÚMERO DE CONTROL
campo de control ES-MaACL
005 - FECHA Y HORA DE LA ÚLTIMA TRANSACCIÓN
campo de control 20230906161851.0
007 - CAMPO FIJO DE DESCRIPCIÓN FÍSICA--INFORMACIÓN GENERAL
campo de control de longitud fija t|
008 - DATOS DE LONGITUD FIJA--INFORMACIÓN GENERAL
campo de control de longitud fija 030704s1953 sp ||||1| spa d
100 1# - ENTRADA PRINCIPAL--NOMBRE DE PERSONA
Nombre de persona Coronado, Carolina.
9 (RLIN) 40678
245 10 - MENCIÓN DEL TÍTULO
Título Poesías /
Mención de responsabilidad, etc. Carolina Coronado ; [proemio de Julio Cienfuegos Linares].
260 ## - PUBLICACIÓN, DISTRIBUCIÓN, ETC.
Lugar de publicación, distribución, etc. [S.l. :
Nombre del editor, distribuidor, etc. s.n.,
Fecha de publicación, distribución, etc. 1953] (
Lugar de fabricación/manufactura Badajoz :
Fabricante Tall. tip. F. Arqueros)
300 ## - DESCRIPCIÓN FÍSICA
Extensión XIII, 178 p., 1 lám. ;
Dimensiones 19 cm.
490 1# - MENCIÓN DE SERIE
Mención de serie Biblioteca de autores extremeños
700 1# - ENTRADA AGREGADA--NOMBRE PERSONAL
Nombre de persona Cienfuegos Linares, Julio.
9 (RLIN) 38784
830 0# - PUNTO DE ACCESO ADICIONAL DE SERIE-TÍTULO UNIFORME
Título uniforme Biblioteca de autores extremeños
9 (RLIN) 187602
852 ## - LOCALIZACIÓN
Ubicación ES-MaACL
Número de control de estantería D-9176
Sublocalización o colección R.34887
Holdings
Estatus retirado Estado de pérdida Estado de daño No para préstamo Biblioteca de origen Biblioteca actual Ubicación en estantería Fecha de adquisición Fuente de adquisición Total de préstamos Signatura topográfica completa Código de barras Visto por última vez Precio de reemplazo Tipo de ítem Koha
        Biblioteca del Ateneo de Madrid Biblioteca del Ateneo de Madrid Sala Valle Inclán 17/01/2008     D-9176 901051586 23/02/2023 23/02/2023 Libro impreso